000 00393nam a22001697a 4500
003 OSt
008 250801b |||||||| |||| 00| 0 eng d
020 _a9780141185101
082 _a813.52 STO
100 _aSTEINBECK, John
245 _aOf Mice and Men
250 _a1st. ed.,
260 _aEngland,
_bPenguin Classics,
_c2000,
300 _a105 p.
650 _aEnglish
942 _2ddc
_cBK
999 _c13686
_d13686